[Event "West Wales Open"]
[Site "Swansea"]
[Date "2018.10.13"]
[Round "3"]
[White "Van Kemenade, Rudy"]
[Black "Toczek, Grzegorz"]
[Result "1/2-1/2"]
[WhiteElo "2023"]
[BlackElo "2318"]
[PlyCount "149"]
[EventDate "2018.10.12"]
[EventType "swiss"]
[EventRounds "5"]
[EventCountry "WLS"]

1. f4 g6 2. Nf3 Bg7 3. g3 b6 4. e4 Bb7 5. d3 e6 6. Bg2 Ne7 7. O-O O-O 8. Qe2 c5
9. c3 d5 10. e5 Nbc6 11. Qf2 Ba6 12. Rd1 Qd7 13. Bf1 Rae8 14. Nbd2 f6 15. d4
Bxf1 16. Nxf1 fxe5 17. fxe5 cxd4 18. cxd4 h6 19. Qg2 Rf7 20. h4 Ref8 21. N1h2
Kh7 22. Be3 Qb7 23. Rf1 Qa6 24. Qd2 Nf5 25. Bf4 Qa4 26. b3 Qb4 27. Rad1 a5 28.
Qd3 a4 29. Qc2 Ncxd4 30. Nxd4 Nxd4 31. Qd3 Nf5 32. Nf3 Rc7 33. Rc1 Rfc8 34.
Rxc7 Rxc7 35. bxa4 Rc4 36. Rb1 Qc5+ 37. Kg2 Rc2+ 38. Kh3 Rxa2 39. g4 Qf2 40.
Qf1 Qxf1+ 41. Rxf1 Ne7 42. Nd4 Ra3+ 43. Kg2 Rxa4 44. Nxe6 Nc6 45. Rc1 Rc4 46.
Ra1 Bxe5 47. Bxe5 Nxe5 48. Ra7+ Kg8 49. g5 Rxh4 50. gxh6 Rxh6 51. Rg7+ Kh8 52.
Rb7 Nc4 53. Rb8+ Kh7 54. Rb7+ Kg8 55. Rg7+ Kh8 56. Rd7 Rh5 57. Nf4 Rg5+ 58. Kf2
Rf5 59. Kg3 Rg5+ 60. Kh4 Rg4+ 61. Kxg4 Ne5+ 62. Kg5 Nxd7 63. Kxg6 d4 64. Kf5
Nc5 65. Nd5 d3 66. Nc3 d2 67. Ke5 b5 68. Kd4 b4 69. Nd1 Na4 70. Kd3 Nc3 71.
Kxd2 Nxd1 72. Kxd1 Kg7 73. Kc2 Kf6 74. Kb3 Ke5 75. Kxb4 1/2-1/2

[Event "West Wales Open"]
[Site "Swansea"]
[Date "2018.10.13"]
[Round "3"]
[White "Van Veelen, Thomas"]
[Black "Jukes, Sam"]
[Result "0-1"]
[WhiteElo "2094"]
[BlackElo "1998"]
[PlyCount "70"]
[EventDate "2018.10.12"]
[EventType "swiss"]
[EventRounds "5"]
[EventCountry "WLS"]

1. d4 Nf6 2. c4 b6 3. Nf3 Bb7 4. g3 e6 5. Bg2 d5 6. O-O Be7 7. Qa4+ Nbd7 8. Ne5
c5 9. dxc5 bxc5 10. Nc3 O-O 11. Nxd7 Nxd7 12. cxd5 Nb6 13. Qb3 c4 14. Qc2 exd5
15. Be3 Bf6 16. Rfd1 Bxc3 17. Qxc3 Qe7 18. Bd4 Qxe2 19. Bxg7 Rfe8 20. Bh8 Qg4
21. Bf3 Qg5 22. a4 Rad8 23. a5 Nc8 24. Bf6 d4 25. Bxd4 Bxf3 26. Qxf3 Re6 27.
Bc3 Nd6 28. Rd5 Qg6 29. Rad1 Rde8 30. Rc5 f6 31. Rc6 Ne4 32. Rxc4 Ng5 33. Qg4
f5 34. h4 fxg4 35. Rxg4 Nf3+ 0-1

[Event "West Wales Open"]
[Site "Swansea"]
[Date "2018.10.13"]
[Round "3"]
[White "Waterfield, John W"]
[Black "Burrows, Mike"]
[Result "1-0"]
[WhiteElo "2026"]
[BlackElo "1857"]
[PlyCount "89"]
[EventDate "2018.10.12"]
[EventType "swiss"]
[EventRounds "5"]
[EventCountry "WLS"]

1. e4 c5 2. Nf3 e6 3. d4 cxd4 4. Nxd4 Nf6 5. Nc3 Bb4 6. e5 Nd5 7. Bd2 Nxc3 8.
bxc3 Be7 9. Qg4 g6 10. h4 Qa5 11. Qg3 a6 12. h5 Rg8 13. Bd3 Nc6 14. Nxc6 dxc6
15. hxg6 hxg6 16. Rh7 Bd7 17. Ke2 O-O-O 18. Rxf7 Ba3 19. c4 Bb4 20. Bxb4 Qxb4
21. Qe3 Be8 22. Rh7 c5 23. a3 Qb2 24. Qxc5+ Bc6 25. Rah1 Rxd3 26. Kxd3 Rd8+ 27.
Ke3 Qc3+ 28. Kf4 Qd2+ 29. Qe3 Rf8+ 30. Kg3 Qxc2 31. Rh8 Qf5 32. Rxf8+ Qxf8 33.
Rh7 Qf5 34. f3 Kb8 35. Rh8+ Kc7 36. Qd4 Qg5+ 37. Kf2 Qe7 38. Ke3 Qxa3+ 39. Kf4
Qe7 40. c5 a5 41. Qd6+ Qxd6 42. exd6+ Kd7 43. Rh7+ Kd8 44. Ke5 a4 45. Kxe6 1-0

[Event "West Wales Open"]
[Site "Swansea"]
[Date "2018.10.13"]
[Round "3"]
[White "Turner, Joseph David"]
[Black "Morgans, Justin"]
[Result "0-1"]
[WhiteElo "1988"]
[BlackElo "1769"]
[PlyCount "82"]
[EventDate "2018.10.12"]
[EventType "swiss"]
[EventRounds "5"]
[EventCountry "WLS"]

1. e4 c5 2. Nf3 d6 3. d4 cxd4 4. Nxd4 Nf6 5. Nc3 a6 6. g3 e6 7. Bg2 Be7 8. O-O
O-O 9. h3 Nbd7 10. f4 Qc7 11. g4 g6 12. f5 Nb6 13. Bh6 Bd7 14. g5 Nh5 15. f6
Bd8 16. Bxf8 Kxf8 17. Nce2 Qc5 18. h4 e5 19. b4 Qxb4 20. Nf3 Nc4 21. Qd3 Bc6
22. Rfd1 Bc7 23. Rdb1 Qc5+ 24. Kh1 b5 25. Rb3 Rd8 26. Rd1 Qf2 27. a4 Qxe2 28.
Qxe2 Ng3+ 29. Kh2 Nxe2 30. axb5 axb5 31. Ra1 Nf4 32. Bf1 Ke8 33. Ra7 Ne6 34.
Bh3 Rd7 35. Ne1 Bb6 36. Ra1 Ra7 37. Rd1 Nd4 38. Rbb1 Ra2 39. Bf1 Ne3 40. Rd3
Nxf1+ 41. Kg1 Ne3 0-1

[Event "West Wales Open"]
[Site "Swansea"]
[Date "2018.10.13"]
[Round "3"]
[White "Lewis, David"]
[Black "Howells, Chris"]
[Result "0-1"]
[WhiteElo "1622"]
[BlackElo "1904"]
[PlyCount "56"]
[EventDate "2018.10.12"]
[EventType "swiss"]
[EventRounds "5"]
[EventCountry "WLS"]

1. e4 e6 2. d4 d5 3. e5 c5 4. Nf3 Nc6 5. dxc5 Bxc5 6. Bd3 f6 7. O-O fxe5 8. Ng5
e4 9. Bb5 Nf6 10. Bf4 O-O 11. Bg3 h6 12. Nh3 e3 13. Nc3 exf2+ 14. Nxf2 a6 15.
Bxc6 bxc6 16. Kh1 Bd6 17. Nd3 Bxg3 18. hxg3 Qd6 19. Qe1 Ng4 20. Rxf8+ Kxf8 21.
Ne2 e5 22. Qc3 Kg8 23. Nc5 Kh8 24. Kg1 d4 25. Qc4 Ne3 26. Qf7 Qxc5 27. Qe8+ Kh7
28. Nf4 exf4 0-1

[Event "West Wales Open"]
[Site "Swansea"]
[Date "2018.10.13"]
[Round "3"]
[White "Denham, Colin"]
[Black "Phillips, William"]
[Result "1/2-1/2"]
[WhiteElo "1617"]
[BlackElo "1862"]
[PlyCount "47"]
[EventDate "2018.10.12"]
[EventType "swiss"]
[EventRounds "5"]
[EventCountry "WLS"]

1. Nf3 Nf6 2. d4 e6 3. c4 b6 4. Bg5 Bb7 5. Nbd2 Be7 6. e3 Ne4 7. Bxe7 Qxe7 8.
Qc2 f5 9. Be2 O-O 10. O-O d6 11. b4 Nd7 12. a3 Ndf6 13. h3 g5 14. Nh2 Nxd2 15.
Qxd2 h5 16. f3 h4 17. b5 Qg7 18. Qa2 Rae8 19. Rac1 Kh8 20. Qc2 Nh5 21. Rf2 Ng3
22. Qc3 Nxe2+ 23. Rxe2 e5 24. d5 1/2-1/2

[Event "West Wales Open"]
[Site "Swansea"]
[Date "2018.10.13"]
[Round "3"]
[White "Van Kemenade, Julie"]
[Black "Haigh, Tony"]
[Result "1/2-1/2"]
[WhiteElo "1755"]
[BlackElo "1800"]
[PlyCount "61"]
[EventDate "2018.10.12"]
[EventType "swiss"]
[EventRounds "5"]
[EventCountry "WLS"]

1. e4 e6 2. d3 d5 3. Qe2 dxe4 4. dxe4 Nf6 5. Nf3 b6 6. g3 Bb7 7. e5 Nfd7 8. Bg2
Nc6 9. O-O Qe7 10. Re1 O-O-O 11. a4 a5 12. Nc3 h6 13. Nb5 g5 14. Nfd4 Nxd4 15.
Nxd4 Bxg2 16. Kxg2 Nb8 17. Qe4 Qc5 18. c3 Qd5 19. Bd2 Qxe4+ 20. Rxe4 Na6 21.
Re2 Nc5 22. Nc6 Rd7 23. b4 axb4 24. cxb4 Nb3 25. Ra2 Nd4 26. Nxd4 Rxd4 27. b5
Bc5 28. Be3 Rd5 29. Bxc5 Rxc5 30. f4 gxf4 31. gxf4 1/2-1/2

[Event "West Wales Open"]
[Site "Swansea"]
[Date "2018.10.14"]
[Round "4"]
[White "Jones, Iolo C"]
[Black "Heap, Gerry"]
[Result "0-1"]
[WhiteElo "2225"]
[BlackElo "2163"]
[PlyCount "126"]
[EventDate "2018.10.12"]
[EventType "swiss"]
[EventRounds "5"]
[EventCountry "WLS"]

1. d4 Nf6 2. Nf3 g6 3. Nc3 d5 4. Bf4 Bg7 5. Nb5 Na6 6. e3 Nh5 7. Be5 f6 8. Bg3
c6 9. Na3 Nxg3 10. hxg3 Bg4 11. c3 Nc7 12. Rh4 Bf5 13. Bd3 Qd7 14. Qc2 Bxd3 15.
Qxd3 O-O-O 16. O-O-O e5 17. Qc2 e4 18. Nd2 f5 19. Qa4 Kb8 20. Kb1 h5 21. Rc1
Ne6 22. c4 c5 23. Qxd7 Rxd7 24. dxc5 Nxc5 25. b3 Nd3 26. Rf1 d4 27. Nc2 dxe3
28. Nxe3 Bh6 29. Nxe4 fxe4 30. Rxe4 Nc5 31. Re5 Bxe3 32. fxe3 b6 33. Rg5 Rd6
34. Rf7 Re8 35. Rg7 Rxe3 36. Kb2 Nd3+ 37. Ka3 Re5 38. Rxe5 Nxe5 39. Re7 Nc6 40.
Rg7 Nd4 41. Ka4 a6 42. Kb4 Nc2+ 43. Kc3 Ne3 44. Re7 Nf5 45. Re8+ Kb7 46. g4
hxg4 47. Re4 g3 48. Rg4 Re6 49. Kd2 Kc6 50. Kc3 Kd6 51. Kd2 Ke5 52. b4 Kf6 53.
Rf4 Kg5 54. Rf3 Kg4 55. Ra3 b5 56. c5 Nh4 57. Rc3 Rc6 58. Rd3 Nxg2 59. Rd6
Rxd6+ 60. cxd6 Nf4 61. Ke3 g5 62. d7 Ne6 63. Ke4 g2 0-1

[Event "West Wales Open"]
[Site "Swansea"]
[Date "2018.10.14"]
[Round "4"]
[White "Musson, Adam J"]
[Black "Underwood, Jon"]
[Result "1-0"]
[WhiteElo "2090"]
[BlackElo "2114"]
[PlyCount "61"]
[EventDate "2018.10.12"]
[EventType "swiss"]
[EventRounds "5"]
[EventCountry "WLS"]

1. Nf3 f5 2. d3 d6 3. e4 e5 4. c4 c5 5. Nc3 Be7 6. g3 Nc6 7. Bg2 Nf6 8. O-O O-O
9. a3 fxe4 10. dxe4 Nd4 11. Nxd4 cxd4 12. Nd5 Nxd5 13. exd5 Bg5 14. f4 Bh6 15.
fxe5 Rxf1+ 16. Qxf1 Bxc1 17. Rxc1 dxe5 18. Qe2 Qg5 19. Re1 Bg4 20. Qe4 Re8 21.
d6 Kh8 22. Qxd4 Qc1 23. Qe4 Qd2 24. c5 Bf5 25. Qb4 Qc2 26. Bxb7 e4 27. Qc3 Qa4
28. c6 Qb5 29. Qd4 Bh3 30. a4 Qf5 31. d7 1-0

[Event "West Wales Open"]
[Site "Swansea"]
[Date "2018.10.14"]
[Round "4"]
[White "Zeidler, Sven P."]
[Black "Jones, Ian Robert"]
[Result "1-0"]
[WhiteElo "2238"]
[BlackElo "2006"]
[PlyCount "83"]
[EventDate "2018.10.12"]
[EventType "swiss"]
[EventRounds "5"]
[EventCountry "WLS"]

1. e4 e5 2. Nf3 d6 3. d4 exd4 4. Nxd4 Nf6 5. Nc3 Be7 6. Bf4 O-O 7. Qd2 Nc6 8.
f3 Nxd4 9. Qxd4 a6 10. O-O-O Be6 11. g4 c5 12. Qd2 Ne8 13. Nd5 Bxd5 14. Qxd5
Nc7 15. Qd2 Ne6 16. Be3 Rc8 17. c4 Bf6 18. f4 Bd4 19. f5 Bxe3 20. Qxe3 Nd4 21.
g5 Re8 22. g6 fxg6 23. fxg6 h6 24. Bh3 Rc7 25. Rhf1 Qh4 26. Bg2 b5 27. e5 Rce7
28. Bd5+ Kh8 29. Rf7 Qxh2 30. Rd2 Qxe5 31. Qxe5 dxe5 32. Rdf2 Rxf7 33. gxf7 Rf8
34. cxb5 axb5 35. b3 g5 36. a4 Kg7 37. a5 e4 38. Kd2 c4 39. a6 cxb3 40. a7 e3+
41. Kxe3 Nc2+ 42. Kd2 1-0

[Event "West Wales Open"]
[Site "Swansea"]
[Date "2018.10.14"]
[Round "4"]
[White "Jukes, Sam"]
[Black "Fathallah, Joe"]
[Result "0-1"]
[WhiteElo "1998"]
[BlackElo "2067"]
[PlyCount "54"]
[EventDate "2018.10.12"]
[EventType "swiss"]
[EventRounds "5"]
[EventCountry "WLS"]

1. e4 e6 2. Nf3 d5 3. e5 b6 4. d4 Ba6 5. Bxa6 Nxa6 6. O-O Qd7 7. Qe2 Nb8 8. g4
Ne7 9. Bg5 Nbc6 10. c3 h5 11. Nh4 hxg4 12. Qxg4 Nf5 13. Nxf5 exf5 14. Qg2 Be7
15. Bxe7 Nxe7 16. f4 O-O-O 17. Nd2 Ng6 18. Kh1 Rh6 19. a4 Rdh8 20. Nf3 Nxf4 21.
Qxg7 Nh5 22. Qg2 f4 23. e6 fxe6 24. Ne5 Qh7 25. Rf2 Ng3+ 26. Kg1 Rg8 27. hxg3
Rxg3 0-1

[Event "West Wales Open"]
[Site "Swansea"]
[Date "2018.10.14"]
[Round "4"]
[White "Morgans, Justin"]
[Black "Toczek, Grzegorz"]
[Result "0-1"]
[WhiteElo "1769"]
[BlackElo "2318"]
[PlyCount "92"]
[EventDate "2018.10.12"]
[EventType "swiss"]
[EventRounds "5"]
[EventCountry "WLS"]

1. e4 d5 2. exd5 Qxd5 3. Nc3 Qd6 4. Nf3 Nf6 5. d4 a6 6. Bc4 b5 7. Bb3 Bb7 8.
Be3 Nbd7 9. O-O e6 10. h3 Be7 11. Qe2 O-O 12. Rad1 Rfe8 13. a3 Rad8 14. Nd2 Qc6
15. f4 Nb6 16. Nf3 Nfd5 17. Nxd5 exd5 18. Ne5 Qd6 19. Qf2 Nc4 20. Bxc4 dxc4 21.
c3 f6 22. Nf3 Qd5 23. Rde1 Bd6 24. Bd2 Qf5 25. Nh4 Qd7 26. f5 Re4 27. Rxe4 Bxe4
28. g4 Bf8 29. Bf4 c6 30. Re1 Bd5 31. Qg3 a5 32. Ng2 b4 33. axb4 axb4 34. Ne3
Bf7 35. g5 fxg5 36. Bxg5 Re8 37. f6 Kh8 38. Ng4 Rxe1+ 39. Qxe1 Qf5 40. fxg7+
Bxg7 41. Qe3 Qb1+ 42. Kh2 Qxb2+ 43. Kg3 Qxc3 44. Qxc3 bxc3 45. Ne5 Bd5 46. Be3
c5 0-1

[Event "West Wales Open"]
[Site "Swansea"]
[Date "2018.10.14"]
[Round "4"]
[White "Homer, Stephen J"]
[Black "McCarthy, Moss"]
[Result "1-0"]
[WhiteElo "2114"]
[BlackElo "1912"]
[PlyCount "53"]
[EventDate "2018.10.12"]
[EventType "swiss"]
[EventRounds "5"]
[EventCountry "WLS"]

1. e4 c5 2. Nf3 d6 3. c3 Nf6 4. h3 Nc6 5. Bd3 e5 6. Bc2 Be7 7. O-O O-O 8. Re1
Qc7 9. d3 Bd7 10. Nbd2 Rfe8 11. Nf1 h6 12. Ne3 Bf8 13. Nh2 Rad8 14. Qf3 Be6 15.
Nd5 Bxd5 16. exd5 Ne7 17. Bxh6 gxh6 18. Qxf6 Nxd5 19. Qf5 Ne7 20. Qg4+ Bg7 21.
Bb3 d5 22. Re3 Qd7 23. Ba4 Nc6 24. Qh5 f5 25. Rg3 Qf7 26. Qxh6 Re6 27. Rxg7+
1-0

[Event "West Wales Open"]
[Site "Swansea"]
[Date "2018.10.14"]
[Round "4"]
[White "Paul, Nathanael"]
[Black "Harris, Calum"]
[Result "1-0"]
[WhiteElo "2090"]
[BlackElo "1889"]
[PlyCount "67"]
[EventDate "2018.10.12"]
[EventType "swiss"]
[EventRounds "5"]
[EventCountry "WLS"]

1. e4 c5 2. Nf3 d6 3. d4 cxd4 4. Nxd4 Nf6 5. Nc3 g6 6. Be3 Bg7 7. Qd2 Ng4 8.
Bg5 h6 9. Bh4 Nc6 10. Nb3 Be6 11. Bb5 O-O 12. O-O Nce5 13. f3 Nf6 14. Bg3 Nc4
15. Bxc4 Bxc4 16. Rfe1 Nh5 17. Bf2 g5 18. Bd4 f6 19. Nd5 Qd7 20. Rad1 Bxd5 21.
exd5 Nf4 22. Be3 Ng6 23. Nd4 Ne5 24. f4 gxf4 25. Bxf4 Kf7 26. Ne6 Rh8 27. Bxe5
dxe5 28. Qf2 Qd6 29. Qf5 h5 30. Kh1 Rag8 31. Ng5+ Ke8 32. Qg6+ Kd7 33. Nf7 Qb4
34. Nxh8 1-0

[Event "West Wales Open"]
[Site "Swansea"]
[Date "2018.10.14"]
[Round "4"]
[White "Van Kemenade, Rudy"]
[Black "Waterfield, John W"]
[Result "1/2-1/2"]
[WhiteElo "2023"]
[BlackElo "2026"]
[PlyCount "91"]
[EventDate "2018.10.12"]
[EventType "swiss"]
[EventRounds "5"]
[EventCountry "WLS"]

1. e4 c5 2. Nf3 g6 3. d4 cxd4 4. Qxd4 Nf6 5. Nc3 Nc6 6. Qa4 d6 7. e5 dxe5 8.
Nxe5 Bd7 9. Nxd7 Qxd7 10. Be3 Bg7 11. Rd1 Qc8 12. Bb5 O-O 13. Bxc6 bxc6 14. O-O
Qb7 15. Qb3 Qa6 16. Bc5 Rab8 17. Qa3 Qxa3 18. Bxa3 Nd5 19. Nxd5 cxd5 20. Rxd5
Bxb2 21. Bxe7 Rfe8 22. Rd7 a5 23. Rfd1 Kg7 24. g3 Rbc8 25. Ra7 Ra8 26. Rdd7
Rxa7 27. Rxa7 Bd4 28. Rd7 Bf6 29. Bxf6+ Kxf6 30. Rd6+ Ke7 31. Ra6 Rc8 32. Rxa5
Rxc2 33. a4 Ra2 34. Re5+ Kd6 35. Re4 f5 36. Rf4 Ra1+ 37. Kg2 Ke5 38. h4 h6 39.
Rb4 g5 40. h5 g4 41. Rb6 Rxa4 42. Rxh6 f4 43. gxf4+ Kxf4 44. Rb6 Ra3 45. h6 Rh3
46. Ra6 1/2-1/2

[Event "West Wales Open"]
[Site "Swansea"]
[Date "2018.10.14"]
[Round "4"]
[White "Phillips, William"]
[Black "Lewis, David"]
[Result "1/2-1/2"]
[WhiteElo "1862"]
[BlackElo "1622"]
[PlyCount "46"]
[EventDate "2018.10.12"]
[EventType "swiss"]
[EventRounds "5"]
[EventCountry "WLS"]

1. d4 Nf6 2. Nf3 d5 3. e3 c5 4. c3 Nc6 5. Bd3 Bg4 6. Nbd2 e6 7. O-O Bd6 8. h3
Bh5 9. dxc5 Bxc5 10. b4 Bd6 11. Bb2 O-O 12. Re1 Rc8 13. Qb1 Ne5 14. Nxe5 Bxe5
15. c4 Bxb2 16. Qxb2 dxc4 17. Bxc4 Bg6 18. Rac1 Qe7 19. a3 Rfd8 20. Be2 e5 21.
Rxc8 Rxc8 22. Rc1 Rxc1+ 23. Qxc1 h6 1/2-1/2

[Event "West Wales Open"]
[Site "Swansea"]
[Date "2018.10.14"]
[Round "4"]
[White "Denham, Colin"]
[Black "Van Veelen, Thomas"]
[Result "0-1"]
[WhiteElo "1617"]
[BlackElo "2094"]
[PlyCount "102"]
[EventDate "2018.10.12"]
[EventType "swiss"]
[EventRounds "5"]
[EventCountry "WLS"]

1. Nf3 d5 2. d4 Nf6 3. Nc3 Bf5 4. Bf4 c6 5. e3 e6 6. a3 Bd6 7. Bxd6 Qxd6 8. Ne5
Nbd7 9. f4 h5 10. h3 Ne4 11. Nxe4 Bxe4 12. Nf3 Nb6 13. b3 c5 14. c3 Rc8 15. Ra2
cxd4 16. Bb5+ Ke7 17. cxd4 Rc3 18. Kf2 Rhc8 19. Ra1 Nd7 20. Bxd7 Qxd7 21. Re1
Qb5 22. b4 Rd3 23. Nd2 Rcc3 24. Rc1 Rxa3 25. Rc7+ Kd8 26. Qc1 Rxd2+ 27. Qxd2
Qa6 28. Rec1 Ra2 29. R7c2 Rxc2 30. Rxc2 Bxc2 31. Qxc2 Qc4 32. Qh7 Qxb4 33. Qxg7
Qd2+ 34. Kf1 Qd3+ 35. Kf2 Qc2+ 36. Kf3 Qg6 37. Qf8+ Kd7 38. Qc5 h4 39. Qb5+ Ke7
40. Qxb7+ Kf6 41. Qxa7 Qg3+ 42. Ke2 Qxg2+ 43. Kd3 Qxh3 44. Qb8 Qf5+ 45. Kd2 Kg7
46. Qb5 h3 47. Qf1 Qg4 48. Ke1 Qg3+ 49. Qf2 Qxf2+ 50. Kxf2 Kg6 51. Kg3 Kf5 0-1

[Event "West Wales Open"]
[Site "Swansea"]
[Date "2018.10.14"]
[Round "4"]
[White "Burrows, Mike"]
[Black "Turner, Joseph David"]
[Result "0-1"]
[WhiteElo "1857"]
[BlackElo "1988"]
[PlyCount "114"]
[EventDate "2018.10.12"]
[EventType "swiss"]
[EventRounds "5"]
[EventCountry "WLS"]

1. d4 Nf6 2. c4 g6 3. Nc3 Bg7 4. g3 O-O 5. Bg2 d6 6. Nf3 a6 7. Qc2 Nc6 8. O-O
Nd7 9. Rd1 e5 10. a3 exd4 11. Nd5 Nc5 12. b4 Bf5 13. Qa2 Na4 14. Bg5 f6 15. Bd2
Be4 16. Rac1 Kh8 17. b5 Bxf3 18. exf3 Ne5 19. f4 Nd3 20. Rb1 Nac5 21. b6 c6 22.
Nc7 Rc8 23. Bb4 f5 24. Bf1 Nxb4 25. axb4 Ne4 26. Ne6 Qf6 27. Nxf8 Qxf8 28. Rbc1
Nc3 29. Qa5 Nxd1 30. Rxd1 Qe8 31. b5 axb5 32. Re1 Qd8 33. cxb5 Ra8 34. Qb4 c5
35. Qc4 Qxb6 36. Re7 Qd8 37. Rxb7 d3 38. Bxd3 Bd4 39. Qf7 Qg8 40. Qc7 d5 41.
Qb6 Qd8 42. Qe6 c4 43. Bxc4 dxc4 44. Qxc4 Rc8 45. Qf7 Qg8 46. Qe7 Bxf2+ 47.
Kxf2 Qa2+ 48. Ke3 Rc3+ 49. Kd4 Qc4+ 50. Ke5 Re3+ 51. Kf6 Qd4+ 52. Qe5 Qd8+ 53.
Kf7+ Rxe5 54. fxe5 Qd5+ 55. e6 Qxb7+ 56. e7 Qd5+ 57. Kf8 Qg8# 0-1

[Event "West Wales Open"]
[Site "Swansea"]
[Date "2018.10.14"]
[Round "4"]
[White "Howells, Chris"]
[Black "Haigh, Tony"]
[Result "1/2-1/2"]
[WhiteElo "1904"]
[BlackElo "1800"]
[PlyCount "58"]
[EventDate "2018.10.12"]
[EventType "swiss"]
[EventRounds "5"]
[EventCountry "WLS"]

1. c4 e6 2. Nc3 Nf6 3. e4 d5 4. e5 Nfd7 5. d4 dxc4 6. Bxc4 c5 7. f4 cxd4 8.
Qxd4 Bc5 9. Qe4 Bxg1 10. Rxg1 Qh4+ 11. g3 Qxh2 12. Rg2 Qh5 13. Nb5 O-O 14. Nc7
Nc5 15. Qe2 Qh3 16. Be3 Ne4 17. Bf2 Qxg2 18. Bd3 Qxf2+ 19. Qxf2 Nxf2 20. Kxf2
Bd7 21. Nxa8 Nc6 22. Nc7 a6 23. Rd1 Nb8 24. Na8 Bc6 25. Nb6 h6 26. Nc4 Bd5 27.
b3 Nd7 28. Ne3 Bc6 29. Rc1 Ra8 1/2-1/2

[Event "West Wales Open"]
[Site "Swansea"]
[Date "2018.10.14"]
[Round "5"]
[White "Heap, Gerry"]
[Black "Musson, Adam J"]
[Result "1/2-1/2"]
[WhiteElo "2163"]
[BlackElo "2090"]
[PlyCount "55"]
[EventDate "2018.10.12"]
[EventType "swiss"]
[EventRounds "5"]
[EventCountry "WLS"]

1. c4 e5 2. Nc3 Bb4 3. g3 Bxc3 4. dxc3 Nf6 5. Bg2 O-O 6. Nf3 Re8 7. O-O c6 8.
Qc2 d5 9. cxd5 cxd5 10. Rd1 Nc6 11. Bg5 e4 12. Nd4 h6 13. Bf4 Ne5 14. Bxe5 Rxe5
15. c4 Qe7 16. cxd5 Nxd5 17. Rac1 Bg4 18. h3 Bh5 19. a3 Nb6 20. Qc7 Re8 21.
Qxe7 R8xe7 22. g4 Bg6 23. e3 h5 24. gxh5 Bxh5 25. Rd2 Rg5 26. Kh2 f6 27. Rdc2
Nd5 28. Rc8+ 1/2-1/2

[Event "West Wales Open"]
[Site "Swansea"]
[Date "2018.10.14"]
[Round "5"]
[White "Toczek, Grzegorz"]
[Black "Zeidler, Sven P."]
[Result "1/2-1/2"]
[WhiteElo "2318"]
[BlackElo "2238"]
[PlyCount "112"]
[EventDate "2018.10.12"]
[EventType "swiss"]
[EventRounds "5"]
[EventCountry "WLS"]

1. e4 Nc6 2. Nc3 Nf6 3. d4 d5 4. e5 Nd7 5. Nxd5 Ndb8 6. Ne3 Qxd4 7. Qxd4 Nxd4
8. Bd2 Nbc6 9. Bc3 Be6 10. O-O-O O-O-O 11. f4 g6 12. h4 Bh6 13. g3 Nf5 14.
Rxd8+ Rxd8 15. Nxf5 Bxf5 16. Nh3 Bxh3 17. Bxh3+ e6 18. Bg4 Bg7 19. h5 Rg8 20.
hxg6 hxg6 21. Rh7 Ne7 22. Bf3 Nf5 23. g4 Ne7 24. Kd2 c6 25. Ke2 Kd8 26. Be4 Ke8
27. Bd4 b6 28. b4 Nd5 29. Bxd5 cxd5 30. Kd3 Rh8 31. Rxh8+ Bxh8 32. c4 dxc4+ 33.
Kxc4 Kd7 34. Kb5 Kc7 35. Ka6 Kb8 36. a4 Bg7 37. a5 Bf8 38. axb6 axb6 39. Kb5
Kb7 40. Be3 Be7 41. Bf2 Bd8 42. Kc4 Kc6 43. b5+ Kc7 44. Kd4 Kd7 45. Ke4 Ke8 46.
f5 Kf8 47. f6 Kg8 48. Kf4 Kh7 49. Be1 Kh6 50. Bd2 g5+ 51. Ke4 Kg6 52. Bb4 Kh6
53. Be7 Bc7 54. Kd4 Kg6 55. Bf8 Kh7 56. Ke4 Kg6 1/2-1/2

[Event "West Wales Open"]
[Site "Swansea"]
[Date "2018.10.14"]
[Round "5"]
[White "Underwood, Jon"]
[Black "Jones, Iolo C"]
[Result "1-0"]
[WhiteElo "2114"]
[BlackElo "2225"]
[PlyCount "89"]
[EventDate "2018.10.12"]
[EventType "swiss"]
[EventRounds "5"]
[EventCountry "WLS"]

1. c4 Nf6 2. d4 e6 3. g3 Bb4+ 4. Bd2 a5 5. Bg2 d5 6. Qc2 Nc6 7. Nf3 Ne4 8. e3
O-O 9. O-O Bxd2 10. Nbxd2 Nb4 11. Qb1 Nxd2 12. Nxd2 c6 13. a3 Na6 14. Qc2 Nc7
15. b4 Qe7 16. Qb2 b5 17. c5 Bd7 18. Nb3 a4 19. Nc1 f6 20. Nd3 Rae8 21. Rae1
Qf7 22. f4 Qg6 23. Qe2 Qh6 24. h4 Qg6 25. Kh2 Re7 26. Rh1 Be8 27. g4 Kh8 28.
Ref1 Bd7 29. h5 Qe8 30. Kg1 Qc8 31. Bf3 Na6 32. Rf2 Nb8 33. g5 Be8 34. h6 fxg5
35. fxg5 Nd7 36. Bg4 Bg6 37. Nf4 Bf5 38. g6 Bxg4 39. Qxg4 Nf6 40. Qg5 gxh6 41.
Rxh6 Qb8 42. gxh7 Rg7 43. Ng6+ Rxg6 44. Qxg6 Ne4 45. Rg2 1-0

[Event "West Wales Open"]
[Site "Swansea"]
[Date "2018.10.14"]
[Round "4"]
[White "Fathallah, Joe"]
[Black "Homer, Stephen J"]
[Result "1-0"]
[WhiteElo "2067"]
[BlackElo "2114"]
[PlyCount "101"]
[EventDate "2018.10.12"]
[EventType "swiss"]
[EventRounds "5"]
[EventCountry "WLS"]

1. d4 Nf6 2. c4 e6 3. Nc3 Bb4 4. Qc2 b6 5. Bg5 h6 6. Bh4 Bb7 7. f3 c5 8. a3
cxd4 9. axb4 dxc3 10. Qxc3 Qe7 11. Bxf6 Qxf6 12. Qxf6 gxf6 13. e4 Ke7 14. Ne2
Rc8 15. Nd4 Nc6 16. Nxc6+ Bxc6 17. Bd3 a5 18. b5 Bb7 19. Kf2 Kd6 20. Ke3 Kc5
21. Rhc1 Rg8 22. g3 Rac8 23. Rc3 Rg5 24. f4 Rgg8 25. Be2 f5 26. exf5 exf5 27.
Bf3 Rge8+ 28. Kf2 Bxf3 29. Kxf3 Re4 30. Rd1 Kb4 31. Rxd7 Rcxc4 32. Rxc4+ Rxc4
33. Rxf7 Rc5 34. Rf6 Rxb5 35. Rxh6 Kc4 36. Rc6+ Kb3 37. h4 Kxb2 38. h5 Rb3+ 39.
Kg2 a4 40. h6 Rd3 41. Rxb6+ Kc2 42. Ra6 Kb3 43. Kh3 a3 44. Kh4 a2 45. h7 Rd8
46. Kg5 Kb2 47. Kxf5 a1=Q 48. Rxa1 Kxa1 49. g4 Kb2 50. g5 Kc3 51. g6 1-0

[Event "West Wales Open"]
[Site "Swansea"]
[Date "2018.10.14"]
[Round "5"]
[White "Jones, Ian Robert"]
[Black "Paul, Nathanael"]
[Result "1/2-1/2"]
[WhiteElo "2006"]
[BlackElo "2090"]
[PlyCount "49"]
[EventDate "2018.10.12"]
[EventType "swiss"]
[EventRounds "5"]
[EventCountry "WLS"]

1. e4 c6 2. d4 d5 3. Nc3 dxe4 4. Nxe4 Bf5 5. Ng3 Bg6 6. Nh3 e6 7. Nf4 Bd6 8.
Nxg6 hxg6 9. Ne4 Be7 10. c3 Nf6 11. Nxf6+ Bxf6 12. Be2 Nd7 13. Bf4 Nb6 14. Bg3
Nd5 15. Qb3 Qb6 16. Bf3 Rd8 17. Qxb6 Nxb6 18. Bc7 Ra8 19. Bxb6 axb6 20. a3 Kd7
21. h3 Ra5 22. O-O-O Kc7 23. Kc2 b5 24. Rhe1 Raa8 25. Re2 1/2-1/2

[Event "West Wales Open"]
[Site "Swansea"]
[Date "2018.10.14"]
[Round "5"]
[White "Van Veelen, Thomas"]
[Black "Van Kemenade, Rudy"]
[Result "0-1"]
[WhiteElo "2094"]
[BlackElo "2023"]
[PlyCount "144"]
[EventDate "2018.10.12"]
[EventType "swiss"]
[EventRounds "5"]
[EventCountry "WLS"]

1. d4 Nf6 2. c4 e5 3. dxe5 Ng4 4. Nf3 Bc5 5. e3 Nc6 6. Nc3 O-O 7. a3 a5 8. b3
Re8 9. Be2 Ncxe5 10. Nxe5 Nxe5 11. Bb2 Ra6 12. Ne4 Ba7 13. Ng3 Rd6 14. Qc2 c6
15. O-O Rh6 16. Nf5 Rg6 17. c5 d5 18. cxd6 Qg5 19. Ng3 Rxd6 20. Qc3 Rh6 21.
Rfd1 Qh4 22. Nf1 Rg6 23. Ng3 Bg4 24. Qxa5 Bxe2 25. Bxe5 Bxd1 26. Rxd1 Qg4 27.
Rd8 Rge6 28. Rxe8+ Rxe8 29. Qxa7 f6 30. Bd4 Qd1+ 31. Nf1 Qxb3 32. h3 Qb1 33.
Qb6 Qxb6 34. Bxb6 Ra8 35. Bc5 Ra5 36. Bb4 Ra4 37. Nd2 b6 38. Bd6 c5 39. Bc7
Rxa3 40. Bxb6 Ra1+ 41. Kh2 Ra2 42. Ne4 c4 43. Kg3 f5 44. Nc3 Rc2 45. Bd4 Kf7
46. Kf3 g5 47. g4 Kg6 48. gxf5+ Kxf5 49. e4+ Kg6 50. e5 Kf5 51. Ne4 h5 52. Nc5
Ra2 53. e6 Ra3+ 54. Be3 Kf6 55. Ke4 c3 56. Nd7+ Kxe6 57. Nc5+ Kf6 58. Kd3 Kf5
59. Kc2 g4 60. h4 Ra1 61. Kxc3 Rh1 62. Bg5 Rh2 63. Nd3 Ke4 64. Kc4 Kf3 65. Kd5
Rh1 66. Kd4 Rd1 67. Bf6 Ke2 68. Ke4 Rxd3 69. Be5 Rd8 70. Kf4 Kxf2 71. Kg5 Rd5
72. Kxh5 g3 0-1